000 00353 a2200157 4500
001 56841
020 _a8532518214
040 _cAnchieta - Pituba
100 _aFlorence, Stella
240 1 0 _aSer menina é tudo de bom!
_lpor
245 1 0 _aSer menina é tudo de bom!
300 _a166
362 0 _a2005
650 4 _aLiteratura juvenil
942 _cBK
999 _c56841
_d56841